000 00670nam a22002057a 4500
005 20170331162131.0
010 _aENG-117682
020 _a9788184845594
_c1680.00
035 _aEN-101214
037 _bDABD/PUB
082 _a658.3
100 _aSharma,K.C.
245 _aHuman resource management and professional etics /
_cby K.C.Sharma [and] Kiyanoush Ghalavand
260 _aNew Delhi
_bRegal Publication
_c2016
270 _aF-159, Rajouri Garden,
_bNew Delhi
_e110027
300 _axvii,388p :
_c22cm(Hb)
_bill
500 _aIncludes bibliographical references and index
700 _a Ghalavand,Kiyanoush
942 _2ddc
_cEN
_h658.3
_mSHA
999 _c138615
_d138615